LEADER 01495nam a2200301 u 4500 001 000000023419 003 CaOOAMICUS 005 20070226111233.0 008 950505s1982 it u000 u fre u 035 $a10589318 040 $aPUL(R)$bita 100 1 $aRondeau, Marie-Josèphe.$0(OLS)http://pul/name/19742 245 14$aLes commentaires patristiques du Psautier (IIIe-Ve siècles) /$cMarie-Josèphe Rondeau. 260 $aRoma :$bP. Institutum studiorum orientalium,$c1982. 300 $a<2> v. ;$c24 cm 490 1 $aOrientalia Christiana Analecta ;$v219,220. 504 $aBibliografia in nota. 505 0 $a-- v. I. Les travaux des Pères, recs et latins sur le Psautier. Recherches et bilan. -- v. II. Exégèse prosopologique et théologie. 650 4$aPatristica greca$xStudi.$0(OLS)http://pul/subject/2387 830 0$aOrientalia Christiana Analecta ;$v219,220.$0(OLS)http://pul/title/331 850 $aPUL 852 $aPUL$W1$xSL Religione 1$y3$m25 G 219-220$j32834$nBK-PRI$b $qStampati$B32834$CPULBib$Z2$F32834 $H $81 852 $aPUL$W1$xSL Religione 1$y3$m25 G 219-220$j32834$nBK-PRI$b $qStampati$B32835$CPULBib$Z2$F32835 $H $81 941 1 $a8 961 $aINV: 50846 961 $aINV: 50846 996 $6245$aLes commentaires patristiques du Psautier (IIIe-Ve siècles)$9(OLS)http://pul/title/32550 996 $6260$aRoma :$bP. Institutum studiorum orientalium$9(OLS)http://pul/publisher/53344 LEADER 01207nam a2200253 u 4500 001 000000108424 003 CaOOAMICUS 005 20071126101550.0 008 071126s2007 it u000 u ita u 020 $a88-14-13330-1 040 $aPUL$bita$dLDB 100 1 $aBariatti, Stefania.$0(OLS)http://pul/name/66457 245 13$aLa famiglia nel diritto internazionale privato comunitario /$cStefania Bariatti ; con la collaborazione di Carola Ricci e Laura Tomasi. 260 $aMilano :$bGiuffrè,$cc2007. 300 $axvi, 664 p. ;$c23 cm. 490 1 $aL'Italia e la vita giuridica internazionale ;$v25 650 4$aFamiglia$xDiritto internazionale.$0(OLS)http://pul/subject/17497 830 2$aL'Italia e la vita giuridica internazionale ;$v25.$0(OLS)http://pul/title/53145 850 $aPUL 852 $aPUL$W1$xSL Diritto e Scienze Sociali 3$y79$m340. 915 BARST 1$j123562$qDDC 21$B122503$CPULBib$Z2$F122503 $H105640 $82 941 1 $a9 996 $6020$a88-14-13330-1$9(OLS)http://pul/number/136345 996 $6245$aLa famiglia nel diritto internazionale privato comunitario$9(OLS)http://pul/title/136435 996 $6260$aMilano :$bGiuffrè$9(OLS)http://pul/publisher/48401